| 000 | 02324nam0a2200409 4500 | ||
|---|---|---|---|
| 001 | RU\NLR\bibl\64876 | ||
| 005 | 20000119145332.0 | ||
| 010 |
_a5-7390-0346-6 _bобщ. |
||
| 010 | _a5-7390-0289-3 (Олимп) | ||
| 010 |
_a5-237-00894-1 (АСТ) _94000 |
||
| 021 |
_aRU _b98-42760 _92052 |
||
| 035 | _a(NLR Aleph) 000063281 | ||
| 090 |
_a345808 _c345808 |
||
| 100 | _a19991221d1998 u y0rusy50 ca | ||
| 101 | 0 | _arus | |
| 102 | _aRU | ||
| 105 | _ay ||||||||| | ||
| 200 | 1 |
_aДревнерусская литература _f[Сост., авт. справ. и метод. материалов Л.Д. Страхова] |
|
| 210 |
_aМ. _cОлимп _aНазрань _cОлимп _d1998 |
||
| 215 |
_a605 с. _d21 |
||
| 225 | 1 |
_aШкола классики _eШК _eКнига для ученика и учителя |
|
| 320 | _aБиблиогр.: с. 602-603 | ||
| 327 | 0 |
_aСодерж.: Повесть временных лет. "Поучение" Владимира Мономаха. О походе Игоря Святославовича на половцев. Слово о полку Игореве. Сказание о Борисе и Глебе. Из "Слова о законе и благодати" Илариона. Из "Жития Феодосия Печерского". Чудо со змеем, бывшее со святым великомучеником Георгием. "Моление" Даниила Заточника. Житие Александра Невского и др. _aВ кн. также: Критика и коммент. Темы и развернутые планы соч. Материалы для подгот. к уроку |
|
| 606 | 0 |
_aДревнерусская литература _xМетодика преподавания _xСредняя школа _91657736 _3RU\NLR\auth\66734160 |
|
| 606 | 0 |
_aДревнерусская литература _xПреподавание _xСредняя школа _92143308 _3RU\NLR\auth\661291561 |
|
| 686 | _aШ9(2)62=Р3 | ||
| 686 | _aЧ426.21,6(2)313 | ||
| 702 | 1 |
_aСтрахова _bЛ. Д. _4220 |
|
| 801 | 0 |
_aRU _bNLR _c19991221 _gPSBO |
|
| 801 | 1 |
_aRU _bNLR _c19991221 |
|
| 852 |
_aNLR _j99-3/16472 |
||
| 942 | _cBOOK | ||
| 980 | _aSUPPRESS | ||
| 980 | _aSUPPRESS | ||
| 980 | _aNB | ||